[Event "SPICE Cup Open 2018"]
[Site "St. Louis"]
[Date "2018.10.23"]
[Round "1"]
[White "Cori, Jorge"]
[Black "Wang, Justin"]
[Result "1-0"]
[WhiteElo "2664"]
[BlackElo "2377"]
[Annotator "TA"]
[PlyCount "107"]
[EventDate "2018.10.22"]
[EventType "swiss"]
[EventCountry "USA"]
[SourceTitle "playchess.com"]
[Source "ChessBase"]
[SourceQuality "1"]

{[%evp 23,107,27,26,13,27,9,18,7,16,8,10,0,6,0,21,19,28,2,20,9,12,16,12,15,15,11,47,39,51,49,70,60,37,37,52,38,59,64,85,54,81,24,70,63,105,100,246,237,381,381,379,357,445,438,475,435,470,445,505,556,548,491,606,590,606,593,826,813,800,706,684,631,904,892,1043,964,1658,1618,29978,29979,29979,29979,29963,1452,6347,6337]} 1. d4 Nf6 2. c4 e6 3. Nf3 b6 4. e3 Bb7 5. Bd3 d5 6. O-O Bd6 7. Nc3 O-O 8. Qc2 {E14: Queen's Indian: Classical Variation (4 e3)} (8. a3 Nbd7 9. cxd5 exd5 10. Nb5 Be7 11. Bd2 a6 12. Nc3 Bd6 13. Ne2 Ne4 14. Rc1 Qe7 15. Ng3 g6 16. Bb4 c5 17. dxc5 bxc5 {½-½ (33) Papaioannou,I (2634)-Bogner,S (2619) Batumi 2018}) 8... a6 9. e4 dxe4 10. Nxe4 Nxe4 11. Bxe4 Bxe4 12. Qxe4 Nd7 {LiveBook: 7 Games} 13. Rd1 {[#]} h6 $146 ({Predecessor:} 13... Nf6 14. Qe2 c6 15. Bg5 Be7 {½-½ (24) Khlian,E (2474)-Lysyj,I (2527) Sochi 2006}) 14. Be3 Qe7 15. h3 Nf6 16. Qc2 {Strongly threatening c5.} c5 17. a4 Rfc8 18. Qe2 cxd4 19. Bxd4 Bc5 20. Bc3 a5 21. Ne5 Qb7 22. Rd3 Rd8 23. Rad1 Rxd3 24. Rxd3 Qe4 25. Kf1 Qf4 26. g3 $36 {[%mdl 2048] White is more active.} Qe4 {[%cal Re4h1]} 27. f3 Qb7 28. b3 Qc7 29. Qd1 Bf8 30. Kg2 Be7 31. h4 Rc8 32. Nd7 ({Better is} 32. g4 $16) 32... Ne8 33. Be5 $1 {[%cal Re5c7,Bc3e5,Be5f4,Bf4d6][%mdl 32]} Qb7 34. Bf4 Rc6 {[#]} (34... Qc6 $16) 35. Nb8 $1 $18 Nf6 (35... Rc7 $142) 36. Nxc6 Qxc6 37. Bd6 Bd8 38. Qd2 Ne8 39. Be5 Be7 40. Rd7 Bf8 41. Rd8 f6 42. Bb2 Bc5 43. Bd4 Be7 44. Rb8 Bd6 45. Rxb6 Qc7 46. Qe1 e5 47. Bf2 Bb4 48. Qe4 Qc8 {[#]} 49. c5 $1 Kf8 (49... Bxc5 50. Rc6) 50. Qd5 Qf5 51. Rb7 {[%csl Gb7][%cal Rd5f7]} Qg6 52. Qe6 h5 53. Qe7+ (53. c6 $142 Bd6 {[#]} 54. c7 $1 {[%mdl 512]} Nxc7 55. Rxc7 Qe8 56. Rc8 Qxc8 57. Qxc8+ Ke7 58. Be1) 53... Kg8 54. Rb8 {Precision: White = 55%, Black = 33%.} 1-0

[Event "SPICE Cup Open 2018"]
[Site "St. Louis"]
[Date "2018.10.23"]
[Round "1"]
[White "Bok, Benjamin"]
[Black "Grabinsky, Aaron"]
[Result "1/2-1/2"]
[WhiteElo "2639"]
[BlackElo "2375"]
[Annotator "TA"]
[PlyCount "104"]
[EventDate "2018.10.22"]
[EventType "swiss"]
[EventCountry "USA"]
[SourceTitle "playchess.com"]
[Source "ChessBase"]
[SourceQuality "1"]

{[%evp 14,104,47,29,47,0,0,0,0,0,9,8,13,8,6,10,9,0,5,0,4,0,31,6,36,37,59,26,50,43,44,43,39,46,43,24,72,63,84,84,83,85,106,96,96,110,208,80,79,80,276,250,401,368,541,149,144,150,150,31,33,32,25,26,70,53,40,0,0,-23,-23,-22,-22,-77,-66,-55,-68,-67,-56,-236,-238,-194,-94,-108,-102,-94,-43,-122,-124,-209,-206,-205,-194]} 1. d4 Nf6 2. c4 e6 3. Nf3 Bb4+ 4. Nbd2 O-O 5. a3 Be7 6. e4 d6 {E11: Bogo-Indian} (6... d5 7. e5 Nfd7 8. Bd3 c5 9. h4 g6 10. O-O Nc6 11. Nb3 dxc4 12. Bxc4 cxd4 13. Re1 a5 14. Bh6 Re8 15. Rc1 Nb6 {1-0 (39) Ding,L (2804)-Saric,I (2689) Batumi 2018}) 7. Be2 a5 8. Qc2 {LiveBook: 7 Games} Nfd7 {White has an edge.} 9. b3 e5 10. Bb2 {[%cal Rd4e5]} exd4 11. Nxd4 Nc6 12. N2f3 Bf6 13. O-O Re8 14. Rad1 $36 {[%mdl 2048] White is pushing.} Nxd4 15. Nxd4 Nc5 $146 16. Bf3 Bd7 17. g3 g6 18. Rfe1 Qe7 19. Bg2 Qf8 20. Bc3 Qg7 21. Ne2 Bg4 22. f3 Be6 23. Bxf6 Qxf6 24. Nc3 h5 25. f4 Rad8 26. Nd5 Bxd5 27. cxd5 a4 28. b4 Nb3 29. Qxc7 {Threatens to win with e5.} Qb2 (29... Rc8 $16 30. Qd7 (30. Qxb7 Qb2 $16) 30... Qb2) 30. e5 (30. Qxb7 $6 Rc8 $16) (30. Kh1 $1 $18 {and White stays clearly on top.}) 30... Rc8 $16 31. Qd7 {aiming for e6.} ({Don't blunder} 31. exd6 $2 Rxe1+ 32. Rxe1 Qd4+ 33. Kh1 Rxc7 $19) (31. Qxb7 Rc2 $15) 31... Red8 $2 (31... Rf8 $16) 32. e6 $1 $18 {[%cal Be5e6,Be6f7][%mdl 32]} ({And not} 32. Qxa4 Rc2 $17) 32... Qf6 $2 (32... Rxd7 33. exd7 Rc2) 33. exf7+ Kg7 (33... Kf8 $142 34. Qxa4 Nd4) 34. Qh3 $2 (34. Qxb7 $18 {has better winning chances.} Rf8 35. Qd7) 34... Nd4 $16 35. Re4 Nf5 {[#]} 36. g4 (36. Re6 $1 $16 {[%cal Re6f6]} Qxf7 37. Be4) 36... hxg4 $14 37. Qxg4 Qxf7 38. Re6 {Threatening Be4.} Rh8 39. Qe2 Rh4 40. Qb2+ Kh7 41. Rde1 Rxf4 42. Qd2 Rcc4 43. h3 {[#]} (43. Qd3 $11) 43... Qg7 $1 $17 44. Kh2 {With the idea Be4.} Qc3 45. Qxc3 Rxc3 46. Be4 $2 ({White must play} 46. R1e4 $15 Rf2 47. Rg4) 46... Rxa3 $19 47. Bxf5 Rf2+ ({Weaker is} 47... gxf5 48. Re7+ Kg6 49. R1e6+ Kh5 50. Rh7+ Kg5 51. Rg7+ Kh5 52. Rh7+ Kg5 53. Rg7+ Kh5 54. Rh7+ $11) (47... Rxf5 $19 48. Rxd6 Rf2+ 49. Kg1 Rd2) 48. Kg1 $17 Rxf5 49. Rxd6 Rxh3 ({Black should play} 49... Kh6 $17 50. Rd1 Rxh3) 50. Kg2 (50. Rd7+ $15 Kh6 51. Rxb7) 50... Rb3 51. Re7+ (51. Rb6 $17) 51... Kh6 $19 {Strongly threatening ...Kg5.} 52. Rxb7 a3 {Precision: White = 45%, Black = 52%.} 1/2-1/2

[Event "SPICE Cup Open 2018"]
[Site "St. Louis"]
[Date "2018.10.23"]
[Round "1"]
[White "Lenderman, Aleksandr"]
[Black "Williams, Justus"]
[Result "1-0"]
[WhiteElo "2626"]
[BlackElo "2344"]
[Annotator "TA"]
[PlyCount "53"]
[EventDate "2018.10.22"]
[EventType "swiss"]
[EventCountry "USA"]
[SourceTitle "playchess.com"]
[Source "ChessBase"]
[SourceQuality "1"]

{[%evp 20,53,7,0,12,8,29,30,22,18,81,80,77,41,78,64,73,84,66,82,191,183,386,272,265,256,482,453,488,517,494,477,1023,1001,1116,1099]} 1. Nf3 d5 2. e3 g6 3. c4 e6 4. g3 Bg7 5. Bg2 Ne7 6. d4 Nbc6 7. O-O O-O 8. Na3 {A13: English Opening: 1...e6} a5 9. Bd2 b6 10. Qb3 Ba6 11. Rfd1 {LiveBook: 3 Games} Qd7 12. Rac1 Rfd8 13. cxd5 $146 ({Predecessor:} 13. Be1 Rac8 14. Bh3 f5 {1-0 (54) Kortschnoj,V (2625)-Ponomariov,R (2580) Cannes 1998}) 13... exd5 14. Nb5 h6 (14... Nf5 $11 {keeps the balance.}) 15. a4 $16 Rac8 16. h4 Kh8 17. Kh2 Ng8 18. Ne5 Nxe5 19. dxe5 {Threatens to win with Bh3.} Bxe5 (19... Bxb5 $16 20. axb5 Bxe5) 20. Bc3 $18 Bg7 $2 {[#]} (20... Qf5 {was necessary.}) 21. Bxg7+ Kxg7 22. Rxd5 Qe6 $2 (22... Qe7 23. Na7 Nf6) 23. Nxc7 {White is clearly winning.} Rxc7 24. Rxc7 Nf6 {[#]} 25. Rc6 $1 {[%cal Rc6e6]} Rxd5 (25... Qxc6 $142 26. Rxd8 Qc5) 26. Rxe6 Ng4+ 27. Kg1 {Precision: White = 88%, Black =  9%.} 1-0

[Event "SPICE Cup Open 2018"]
[Site "St. Louis"]
[Date "2018.10.23"]
[Round "1"]
[White "Kiewra, Keaton"]
[Black "Bruzon Batista, Lazaro"]
[Result "0-1"]
[WhiteElo "2375"]
[BlackElo "2653"]
[Annotator "TA"]
[PlyCount "106"]
[EventDate "2018.10.22"]
[EventType "swiss"]
[EventCountry "USA"]
[SourceTitle "playchess.com"]
[Source "ChessBase"]
[SourceQuality "1"]

{[%evp 23,106,12,15,-26,-34,-28,-7,-62,30,-33,28,20,24,0,0,0,8,-41,-46,-42,-34,-66,-64,-66,-36,-168,-148,-144,-151,-198,-204,-187,-202,-195,-157,-145,-142,-200,-186,-190,-181,-189,-193,-187,-186,-175,-115,-122,-133,-147,-139,-262,-250,-251,-256,-299,-195,-199,-212,-210,-203,-217,-213,-211,-204,-177,-177,-264,-260,-247,-240,-249,-222,-720,-191,-176,0,-795,-795,-747,-745,-748,-739,-718,-708]} 1. Nf3 Nf6 2. c4 e6 3. g3 d5 4. d4 Bb4+ 5. Bd2 Be7 6. Bg2 O-O 7. O-O Nbd7 8. Qc2 {E11: Bogo-Indian} (8. b4 c6 9. a4 Bd6 10. Qc2 e5 11. cxd5 cxd5 12. dxe5 Nxe5 13. Bc3 Re8 14. Nbd2 Nxf3+ 15. Bxf3 Bh3 {½-½ (58) So,W (2778)-Karjakin,S (2782) Stavanger 2018}) 8... Ne4 9. Nc3 Nxd2 10. Nxd2 c6 11. e4 dxc4 12. Nxc4 Nb6 {LiveBook: 14 Games} 13. Ne2 Nxc4 14. Qxc4 Qb6 (14... e5 $5) 15. Rab1 ({White should try} 15. Qc2 $11) 15... a5 ({Black should play} 15... e5 $1 $15) 16. Rfd1 $146 (16. e5 $11) 16... Rd8 (16... e5 $15) 17. e5 $1 $11 Bd7 18. Rd3 Be8 19. h4 Rac8 20. Rb3 Qc7 21. Rc1 Qb8 22. Qc2 b5 {[%cal Bb7b5,Bb5b4][%mdl 32]} 23. Rc3 {[%cal Rg2c6]} c5 24. dxc5 (24. a4 $15) 24... b4 $19 25. Rc4 Bb5 26. c6 {Black must now prevent c7.} Bxc4 ({Not} 26... Qxe5 27. Re4 $11) 27. Qxc4 {Strongly threatening c7.} Qxe5 28. Rc2 g6 29. Bf3 Bd6 30. Nd4 {[#]} (30. Nc1 $17 {keeps fighting.}) 30... Qf6 $1 31. Kg2 {[#]} Bxg3 $1 {[%mdl 512]} 32. Nxe6 (32. fxg3 Rxd4) 32... Qxe6 ({But not} 32... fxe6 33. fxg3 Rc7 34. Qe2 $17) 33. Qxe6 fxe6 34. Kxg3 {[%mdl 4096] Endgame KRR-KRB} Rc7 (34... Rd3 $19 35. Kg2 Kf7) 35. Be4 $17 Kf7 36. b3 Ke7 37. h5 (37. Kf4 $17 {was necessary.}) 37... gxh5 $19 38. Rc5 {[#]} h4+ $1 {[%cal Bh5h4,Bh4h3,Bh3h2][%mdl 32]} 39. Kf3 (39. Kxh4 Rd2) 39... Rd2 40. Rxa5 Kd6 41. Ke3 Rb2 42. Rb5 h3 43. Rxb4 Rxa2 44. Rd4+ Ke7 {And now ...Ra1 would win.} 45. Rd3 (45. Bd3 $142) 45... h2 46. Rd1 Rb2 47. Rh1 Rxb3+ 48. Kd4 $2 (48. Kf4) 48... Rb4+ $2 (48... Rh3 49. Bg2 Rh4+ 50. Ke3 Ra7) 49. Ke3 Rb3+ $2 (49... Kd6 50. Rxh2 Rb3+ 51. Ke2 Rb2+ 52. Kd3 Rg7) 50. Kd4 $1 Rh3 {Black is clearly winning.} 51. Kc5 Rc8 52. Rb1 Rh5+ 53. Kd4 Kd6 {Precision: White = 45%, Black = 65%.} 0-1

[Event "SPICE Cup Open 2018"]
[Site "St. Louis"]
[Date "2018.10.23"]
[Round "1"]
[White "Wang, Tianqi"]
[Black "Durarbayli, Vasif"]
[Result "1-0"]
[WhiteElo "2346"]
[BlackElo "2629"]
[Annotator "TA"]
[PlyCount "171"]
[EventDate "2018.10.22"]
[EventType "swiss"]
[EventCountry "USA"]
[SourceTitle "playchess.com"]
[Source "ChessBase"]
[SourceQuality "1"]

{[%evp 9,171,6,1,7,0,-25,-22,-19,-19,-12,-16,-15,-37,-34,4,0,15,-22,-25,-37,-31,-36,-16,-42,-48,-68,-65,-67,-71,-63,-61,-76,-60,-68,-37,-35,-31,-60,-45,-34,-35,-27,-9,-23,0,-28,-10,-13,-10,-88,-44,-60,-26,-82,-83,-86,-69,-100,-100,-103,-102,-122,-122,-122,-122,-131,-121,-126,-104,-109,-93,-93,-100,-131,-119,-119,-93,-93,-93,-93,-93,-93,-93,-119,-66,-112,-112,-110,-98,-115,-93,-119,-47,-51,-8,-93,-93,-96,-93,-121,-127,-114,-116,-157,-151,-222,-223,-633,-618,-625,-618,-576,-215,-566,-558,-407,-168,-168,0,-442,-287,-376,-262,-242,-30,-371,-195,-210,-98,-209,-199,-1041,-961,-801,-695,-12810,-11122,-29975,-29976,-29976,-29977,-29975,-29943,-29946,-29949,-5677,5505,1599,1599,1216,29968,29970,29976,29976,29981,29982,29983,29984,29984,29985,29986,29987,29987,29988]} 1. d4 Nf6 2. Nf3 c5 3. c3 g6 4. e3 Bg7 5. Be2 (5. Nbd2 d6 6. Bd3 O-O 7. Qe2 Nc6 8. dxc5 dxc5 9. O-O Qc7 10. Re1 b6 11. Ba6 Rd8 12. e4 Nh5 13. Nf1 Nf4 {½-½ (13) Velten,P (2456)-Navrotescu,C (2357) Rochefort 2017}) 5... O-O 6. dxc5 {A48: 1 d4 Nf6 2 Nf3 g6: Torre, London and Colle Systems} a5 $146 ({Predecessor:} 6... Nc6 7. Qc2 d6 8. cxd6 Qxd6 9. O-O Bf5 10. Qd2 Qc7 11. Nd4 Rfd8 12. Qe1 Nxd4 13. exd4 {0-1 (21) Urombo,A (1710)-Oberholzer,I (1453) Cape Town 2016}) 7. Nbd2 Qc7 8. O-O {The position is equal.} Na6 9. a4 Nxc5 10. Nd4 d5 11. Nb5 Qb6 12. b4 Nce4 13. Bb2 Nxd2 14. Qxd2 Rd8 15. Rfd1 Bg4 16. Bxg4 Nxg4 17. Qe2 Ne5 18. bxa5 Qxa5 19. Ba3 Nc6 ({Reject} 19... Qxa4 $6 20. Nc7 $11) 20. Qb2 e6 21. Bc5 Ne5 22. Bd4 Nc4 23. Qb3 Rdc8 (23... e5 {looks sharper.} 24. Bc5 Rac8 25. Be7 Rd7 26. Bb4 Qd8) 24. Bxg7 Kxg7 25. h3 Nb6 26. Rd4 Rc4 27. Nd6 Qxc3 ({Don't play} 27... Rxc3 $6 28. Qb2 $16) 28. Qxc3 Rxc3 29. Nxb7 (29. Rb4 $1 $11 Rc6 30. Nxb7) 29... Rc7 30. Nd6 Rca7 {[%cal Ra7a4]} 31. Rb4 (31. a5 $1 $11) 31... Nxa4 $17 32. Rc1 Rd7 33. Nc8 Rd8 34. Ne7 Rdb8 35. Nc6 Rxb4 36. Nxb4 {[%mdl 4096] Endgame KRN-KRN} Nb2 37. Rc7 Ra1+ 38. Kh2 h5 39. g4 hxg4 40. hxg4 g5 41. Rb7 Nd1 42. Nd3 Ra2 43. Kg1 Kf6 44. Rb3 Ra4 45. Kf1 Rc4 46. Rb4 Rc7 (46... Rxb4 $17 47. Nxb4 Nb2) 47. Rb1 Nc3 48. Rc1 Ke7 49. f3 Kd6 50. Ke1 Rc4 ({Black should play} 50... Nb5 $17 51. Ra1 Ra7 52. Rxa7 Nxa7) 51. Kd2 $15 Nb5 52. Rb1 (52. Rxc4 $1 $11 {keeps the balance.} dxc4 53. Nf2) 52... Na3 $17 53. Rb6+ Kc7 54. Rb3 Rc2+ 55. Kd1 Ra2 56. Rc3+ Kd6 57. Nb4 (57. Nc1 $17 {was necessary.} Ra1 58. Ke2) 57... Ra1+ $19 58. Rc1 $2 (58. Ke2) 58... Rxc1+ 59. Kxc1 {KN-KN} Nc4 60. Nc2 Ne5 $2 (60... e5 61. e4 dxe4 62. fxe4 Kc5) 61. Ne1 $2 (61. Nd4 {nothing else works.}) 61... Kc5 62. Kd2 Kb4 (62... Kc4 $142 63. Kc2 Kb4) 63. Nc2+ Kc5 $2 (63... Kc4 $19 64. Nd4 Nd7) 64. Ke2 $2 {[%mdl 8192]} (64. Ne1 $1 $11) 64... Nc6 $1 65. Ne1 Kc4 66. Nd3 f6 $2 ({Better is} 66... Kc3 $1 $19 {...d4 is the strong threat.} 67. Nf2 Ne5 68. Nd1+ Kb3) 67. Nb2+ $2 {[%mdl 8192]} (67. f4 $1 $11 {and White stays safe.}) 67... Kb5 (67... Kc3 $142 68. Na4+ Kc2) 68. Nd3 Nb4 (68... Ne5 $19 {has better winning chances. And now ...Nxd3 would win.} 69. Nf2 Kb4) 69. Nf2 (69. Nc1 $17 {only move.}) 69... Kc4 70. Nh1 $2 (70. e4) 70... Kc3 $1 {[%cal Rc3c2]} 71. Ng3 Kc2 72. Nh5 e5 $1 73. Nxf6 d4 74. exd4 exd4 75. Ne4 d3+ 76. Ke3 Nd5+ $1 77. Kd4 {[#]} d2 $4 {[%mdl 8192]} (77... Nf6 $1 $19 {[%mdl 512]} 78. Nf2 (78. Nxf6 d2) 78... d2) 78. Nxd2 $1 $18 Nf4 79. Ne4 Nh3 80. Nxg5 {White mates.} Nxg5 {KN-KPP} 81. f4 {[%cal Bf3f4,Bf4f5][%mdl 32]} Nf7 82. g5 {[%cal Bg4g5,Bg5g6][%mdl 32]} Kd2 83. g6 Nh6 84. Ke5 Ke3 {[#]} 85. f5 $1 {[%cal Rf5f6]} Ng4+ 86. Ke6 {Precision: White = 39%, Black = 44%.} 1-0

[Event "SPICE Cup Open 2018"]
[Site "St. Louis"]
[Date "2018.10.23"]
[Round "1"]
[White "Peng, David"]
[Black "Nyzhnyk, Illya"]
[Result "1/2-1/2"]
[WhiteElo "2341"]
[BlackElo "2626"]
[Annotator "TA"]
[PlyCount "98"]
[EventDate "2018.10.22"]
[EventType "swiss"]
[EventCountry "USA"]
[SourceTitle "playchess.com"]
[Source "ChessBase"]
[SourceQuality "1"]

{[%evp 16,98,45,47,53,44,50,46,49,48,52,39,41,40,34,-17,0,-29,-32,-41,-33,-41,-39,-31,-32,-35,-21,-47,-47,-53,-53,-51,-53,-56,-57,-56,-42,-42,-41,-70,-63,-63,-63,-72,-72,-74,0,-80,0,-81,-16,-20,61,58,110,104,117,115,108,102,97,97,129,11,15,41,33,11,54,0,0,0,0,0,0,0,0,0,0,0,0,0,0,0,0]} 1. e4 c6 2. d4 d5 3. exd5 cxd5 4. Bd3 Nc6 5. c3 Qc7 6. Ne2 Bg4 7. O-O {B13: Caro-Kann: Exchange Variation and Panov-Botvinnik Attack} e6 8. Qe1 Bd6 (8... Bxe2 9. Qxe2 Nf6 10. Nd2 Bd6 11. g3 O-O 12. f4 a6 13. Nf3 b5 14. a3 Ne7 {½-½ (52) Le,Q (2715)-Nisipeanu,L (2661) Batumi 2018}) 9. f3 {LiveBook: 17 Games. White is slightly better.} Bf5 (9... Bxh2+ $2 10. Kh1 $18) 10. Bxf5 exf5 11. Bf4 Nge7 12. Qg3 O-O-O 13. Na3 {[#]} h5 $146 ({Predecessor:} 13... Ng6 14. Bxd6 Qxd6 15. Qxd6 Rxd6 16. Ng3 Nh4 17. Nh5 g5 18. g3 Ng6 19. Rfe1 {½-½ (19) Jurcik,M (2319)-Polak,T (2513) Slovakia 2017}) 14. Bxd6 Qxd6 15. f4 ({Not} 15. Qxg7 Qe6 $17) ({Better is} 15. Qxd6 $14 Rxd6 16. Nf4) 15... h4 16. Qh3 ({Avoid the trap} 16. Qxg7 $2 Qe6 $19) 16... g6 17. Nc2 Ng8 18. Ne3 Nf6 19. Nc1 Ne4 20. Nd3 f6 21. Rfd1 Rde8 22. a3 Na5 23. Rac1 Nc4 24. Re1 a5 25. Rc2 Kd8 {[%cal Bc8d8,Bd8e7,Be7f7,Bf7g7][%mdl 32]} 26. Rce2 b6 27. Nc2 Ke7 28. Ne3 {White wants to play Nxc4.} Kf7 29. Nc2 Kg7 30. Ne3 Re7 (30... Re6 $17) 31. Nf1 (31. Nxc4 $1 $11 dxc4 32. Nf2) 31... Rhe8 ({Black should try} 31... Qd7 $17) 32. Ne3 (32. Qxh4 $11 {keeps the balance.} Rh8 33. Qg3) 32... Ned2 ({Black should play} 32... Kg8 $17) 33. Nxc4 $1 $11 dxc4 (33... Nxc4 $11 34. Rxe7+ Rxe7 35. Qxh4 Re4) 34. Ne5 $1 $14 fxe5 (34... Ne4 $14) 35. fxe5 $16 Qd8 {...Ne4 is the strong threat.} 36. Rxd2 Rxe5 37. dxe5 ({Reject} 37. Rxe5 $6 Rxe5 38. dxe5 Qxd2 $11) 37... Qxd2 {[%cal Rd2e1]} 38. Qxh4 {[%mdl 4096] Endgame KQR-KQR} g5 {[#]} 39. Qf2 (39. Qg3 $1 $16) 39... Qxf2+ $11 40. Kxf2 {KR-KR} Kf7 41. Re2 Ke6 {[#]} 42. Rd2 (42. g4 $1 $14 {[%mdl 512]}) 42... Rb8 {The position is equal.} 43. Rd4 b5 44. h4 gxh4 45. Rxh4 Kxe5 46. Rd4 Ke6 47. Kf3 a4 48. g4 fxg4+ 49. Rxg4 Kd5 {Precision: White = 55%, Black = 48%.} 1/2-1/2

[Event "SPICE Cup Open 2018"]
[Site "St. Louis"]
[Date "2018.10.24"]
[Round "2"]
[White "Bruzon Batista, Lazaro"]
[Black "Chandra, Akshat"]
[Result "1-0"]
[WhiteElo "2653"]
[BlackElo "2471"]
[Annotator "TA"]
[PlyCount "111"]
[EventDate "2018.10.22"]
[EventType "swiss"]
[EventCountry "USA"]
[SourceTitle "playchess.com"]
[Source "ChessBase"]
[SourceQuality "1"]

{[%evp 21,111,0,0,9,6,-7,0,-4,18,12,6,0,0,0,0,0,0,-3,0,0,0,-16,0,0,17,10,20,0,-6,-10,0,0,0,0,57,28,29,29,25,29,51,54,43,45,56,23,34,0,11,0,27,39,475,31,250,251,442,435,409,431,498,402,413,222,220,183,339,333,572,377,475,457,631,627,717,378,378,372,381,381,485,485,483,482,567,539,595,483,29986,29987,29989,29990]} 1. c4 e5 2. Nc3 Nf6 3. Nf3 Nc6 4. e3 Bb4 5. Qc2 Bxc3 6. Qxc3 Qe7 7. d4 {A28: English Opening: Four Knights Variation} Ne4 8. Qd3 exd4 9. Nxd4 O-O 10. Be2 Qb4+ 11. Kf1 {[%cal Be1f1,Bf1g1,Bg1f2][%mdl 32]} Qe7 {LiveBook: 9 Games} 12. f3 f5 {White must now prevent ...Qh4.} 13. Kg1 $146 ({Predecessor:} 13. Qd1 Nc5 14. Kf2 d6 {½-½ (23) Caruana,F (2827)-Ding,L (2804) Batumi 2018}) 13... Nc5 14. Qc3 d6 15. Nxc6 bxc6 16. b3 Nd7 17. Kf2 c5 18. Rf1 Bb7 19. Bb2 Rae8 20. Rae1 Rf6 21. Bd1 Rg6 22. Kg1 Re6 {[%cal Re6e3]} (22... Ne5 {seems wilder.} 23. Qd2 Bc6 24. Rf2 Rf8 25. Ref1 Bb7) 23. Bc2 Rf8 24. b4 cxb4 25. Qxb4 Ba6 26. Qc3 Nb6 27. e4 f4 ({Black should play} 27... fxe4 $11 28. Bxe4 Bxc4) 28. c5 (28. Bb3 $5 {[%cal Rc4c5]} c5 29. Rd1 $14) 28... dxc5 29. Bb3 c4 30. Bc2 Nd7 31. Rd1 $36 {[%mdl 3072] White has compensation. White has some pressure.} Ne5 32. Rd5 Re8 33. Rfd1 Nd3 $1 34. Ba1 {[%cal Rc2d3]} Rg6 35. Ra5 {[%cal Rc2d3]} Rb6 36. h3 {Hoping for Rxa6!} Nb4 $2 {[%mdl 8192]} (36... Kh8 $1 $14) 37. Bb1 $2 (37. Ba4 $18 Nxa2 38. Qd2) 37... c5 $2 {[#]} (37... Rg6 $1 $14) 38. a3 $1 $18 Qb7 $2 (38... Rc8 {might work better.} 39. axb4 cxb4) 39. axb4 cxb4 40. Qd4 c3 41. e5 {[%cal Be4e5,Be5e6][%mdl 32]} Qc7 42. Rc5 (42. Qe4 $142 g6 43. Ba2+ Kg7 44. e6) 42... Qe7 43. Be4 h6 $2 (43... Bc8 {was worth a try.} 44. Rc6 Rxc6 45. Bxc6 Rf8 46. Bd5+ Kh8) 44. Rd5 Rbb8 $2 (44... Qg5 45. h4 Qe7) 45. Rd6 Bc8 46. e6 Kh8 47. Bg6 {[%cal Be4g6,Bg6f7,Bf7e6,Be6c4][%mdl 32]} Rf8 48. Bf7 a5 {[#]} 49. Bxc3 $1 {[%mdl 512]} bxc3 50. Qxc3 Bxe6 51. Bxe6 ({Weaker is} 51. Rxe6 Qxf7 52. Rxh6+ Kg8 $16) 51... Rf6 52. Qc6 a4 53. Bc4 Rf5 54. Re6 Qa7+ (54... Qc5+ $18 55. Qxc5 Rxc5) 55. Kh2 Rff8 56. Rd7 {Precision: White = 54%, Black = 30%.} 1-0

[Event "SPICE Cup Open 2018"]
[Site "St. Louis"]
[Date "2018.10.24"]
[Round "2"]
[White "Shimanov, Aleksandr"]
[Black "Escalante Ramirez, Brian Sebasti"]
[Result "0-1"]
[WhiteElo "2626"]
[BlackElo "2442"]
[Annotator "TA"]
[PlyCount "54"]
[EventDate "2018.10.22"]
[EventType "swiss"]
[EventCountry "USA"]
[SourceTitle "playchess.com"]
[Source "ChessBase"]
[SourceQuality "1"]

{[%evp 17,54,-18,0,-39,-35,-31,-32,-38,-25,-21,-34,-5,-29,-47,-23,-27,-19,-134,-150,-152,-155,-172,-171,-261,-251,-278,-256,-368,-350,-510,-489,-629,-649,-707,-704,-1383,-883,-1615,-1616]} 1. d4 Nf6 2. Bg5 Ne4 3. h4 c5 4. dxc5 Na6 5. Nd2 Naxc5 6. Nxe4 {A45: Trompowsky Attack} Nxe4 7. Qd5 Nxg5 8. hxg5 Qb6 (8... e6 9. Qd2 b6 10. O-O-O Bb7 11. Nf3 Qc7 12. Nd4 a6 {1-0 (52) Rapport,R (2707)-Kokarev,D (2615) Riadh 2017}) 9. O-O-O Qxf2 {LiveBook: 5 Games} 10. e4 $146 ({Predecessor:} 10. Rh3 e6 11. Qd2 Be7 12. Nf3 Qc5 13. e4 e5 14. Nh4 d5 15. Nf5 Bxf5 16. exf5 d4 {½-½ (17) Miladinovic,I (2556)-Tadic,B (2518) Kragujevac 2011}) 10... Qf4+ 11. Kb1 e6 12. Qd4 Qxg5 13. e5 $1 Qe7 14. Nf3 Qc5 15. Qf4 {[#] Black must now prevent Ng5.} h6 $1 16. Bd3 g5 17. Qg3 (17. Qf6 $11 {keeps the balance.} Rg8 18. Nd4) 17... Bg7 $17 18. Rhe1 {[#]} b5 $1 {[%cal Bb7b5,Bb5b4][%mdl 32]} 19. Be4 Rb8 {[%cal Ba8b8,Bb8b5,Bb5d5][%mdl 32]} 20. Rd3 (20. Bd3 {is a better defense.}) 20... b4 $19 21. Red1 Rb5 22. Rd6 (22. Rd4 $142) 22... Qe3 23. Bc6 (23. Bd3 {was worth a try.} Bxe5 24. Qh3 Bxd6 25. Bxb5) 23... Bxe5 {Black is clearly winning.} 24. Qh3 {[%cal Rd6d7]} dxc6 25. Rxc6 Bd7 26. Rc4 Rd5 {[%cal Rd5d1]} 27. Rh1 Qe2 {Precision: White = 37%, Black = 91%.} 0-1